| 000 | 00943pam a2200289 i 4500 | ||
|---|---|---|---|
| 999 |
_c20186 _d20186 |
||
| 001 | 3228166 | ||
| 003 | BDDh-ASL | ||
| 005 | 20231015025845.0 | ||
| 008 | 790827r19661951nyu b 001 0 eng | ||
| 010 | _a 79052566 | ||
| 020 | _a0836992695 | ||
| 040 |
_aDLC _cDLC _dDLC _dBDDh-ASL |
||
| 050 | 1 | 0 |
_aBP161 _b.T68 1980 |
| 082 | 0 | 0 |
_a297 _bTRI |
| 100 | 1 |
_aTritton, A. S. _q(Arthur Stanley), _d1881-1973. |
|
| 245 | 1 | 0 |
_aIslam, belief and practices / _cA.S. Tritton. |
| 260 |
_aNew York : _bBooks for Libraries, _c1966. |
||
| 300 |
_a200 p. ; _c22 cm. |
||
| 490 | 1 | _aIslam | |
| 500 | _aReprint of the ed. published by Hutchinson's University Library, London, New York, in series: Hutchinson's university library: world religions. | ||
| 500 | _aIncludes index. | ||
| 504 | _aBibliography: p. 191-192. | ||
| 650 | 0 | _aIslam. | |
| 830 | 0 | _aIslam (New York, N.Y.) | |
| 906 |
_a7 _bcbc _corignew _d1 _eocip _f19 _gy-gencatlg |
||
| 942 |
_2ddc _cBK |
||